| 000 | 01642cam a22003254a 4500 | ||
|---|---|---|---|
| 001 | 15237104 | ||
| 005 | 20080429184259.0 | ||
| 008 | 080328s2008 paua |r 000 0 eng | ||
| 010 | _a 2008272772 | ||
| 020 | _a9780781769235 | ||
| 020 | _a078176923X | ||
| 040 |
_aDLC _cDLC _dDLC |
||
| 050 | 0 | 0 |
_aRM147 _b.E936 2008 |
| 082 | 0 | 0 |
_a615.6 _222 _bLYN |
| 100 | 1 |
_aLynn, Pamela Barbara, _d1961- _912327 |
|
| 245 | 1 | 0 |
_aLippincott's Photo Atlas of Medication Administration / _cPamela Lynn. |
| 246 | 3 | 0 | _aPhoto atlas of medication administration |
| 246 | 1 | 4 | _aLippincott's atlas of medication administration |
| 250 | _a3rd ed. | ||
| 260 |
_aPhiladelphia, PA : _bWolters Kluwer/Lippincott Williams & Wilkins, 2008 _cc2008. |
||
| 300 |
_a74 p. : _bcol. ill. ; _c28 cm. |
||
| 650 | 0 |
_aDrugs _xAdministration _vAtlases. _912328 |
|
| 650 | 0 |
_aNursing _vAtlases. _912329 |
|
| 700 | 1 |
_aEvans-Smith, Pamela. _tLippincott's photo atlas of medication administration. _912330 |
|
| 942 |
_2ddc _cNRB |
||
| 999 |
_c10844 _d10844 |
||